000 00835naa a22002657a 4500
001 BR5600027
003 BR-BrBNA
005 20250709164600.0
007 ta
008 250630b bl.|||m| |||| 00| 0 por d
040 _aBR-BrBNA
_bpor
_cBiblioteca Nacional de Agricultura
041 _a(Pt)
072 _aQ20
_b9410
090 _aQ20 BR5600027
100 1 _aBrazil, E.V.
245 1 _aAspectos da lactofermentacao Bacteriana [Microbiologia de alimento; Leite]
500 _aProblemas referentes ao leite Rio de Janeiro, GB (Brasil): 1956. p. 3-14 (BR5600027-AMS)
650 _aMicrobiologia de alimento
650 _aLeite
650 _aFermentacao
650 _aBacteria
490 _aEstudos Tecnicos - Servico de Informacao Agricola (Brazil)
_vno. 8
942 _cAMS
_2AGRIS
909 _a202506
_bLúcia
_c55
_dLúcia Elande
999 _c332525
_d332525